Peres Mihály
Elmentve itt :
| Dokumentumtípus: | Cikk |
|---|---|
| Megjelent: |
1932-01-19
|
| Sorozat: | Délmagyarország
8 No. 14 |
| Kulcsszavak: | Peres Mihály, Gyászjelentés |
| Online Access: | http://dmarchiv.bibl.u-szeged.hu/39217 |
| LEADER | 00397nab a2200145 i 4500 | ||
|---|---|---|---|
| 001 | delm39217 | ||
| 005 | 20180927130056.0 | ||
| 008 | 180927s1932 hu o 0|| hun d | ||
| 040 | |a SZTE Délmagyarország Archívum |b hun | ||
| 041 | |a hun | ||
| 245 | 0 | 0 | |a Peres Mihály |h [elektronikus dokumentum] |
| 260 | |c 1932-01-19 | ||
| 300 | |a 7 | ||
| 490 | 0 | |a Délmagyarország |v 8 No. 14 | |
| 695 | |a Peres Mihály, Gyászjelentés | ||